Working children : (Record no. 126568)

MARC details
000 -LEADER
fixed length control field 00798nam a22002537a 4500
003 - CONTROL NUMBER IDENTIFIER
control field 0
005 - DATE AND TIME OF LATEST TRANSACTION
control field 20180726154925.0
008 - FIXED-LENGTH DATA ELEMENTS--GENERAL INFORMATION
fixed length control field 0
010 ## - LIBRARY OF CONGRESS CONTROL NUMBER
LC control number A-943852
020 ## - INTERNATIONAL STANDARD BOOK NUMBER
Terms of availability 00.00
International Standard Book Number 8176480096
035 ## - SYSTEM CONTROL NUMBER
System control number A-943852, A-943853
037 ## - SOURCE OF ACQUISITION
Source of stock number/acquisition Cen Lib/Ret
040 ## - CATALOGING SOURCE
Original cataloging agency DPL
Language of cataloging EN
Transcribing agency 0
082 ## - DEWEY DECIMAL CLASSIFICATION NUMBER
Classification number 305.235
Item number SAN
100 ## - MAIN ENTRY--PERSONAL NAME
Personal name Sanon, Chandragupt S
9 (RLIN) 17857
245 ## - TITLE STATEMENT
Title Working children :
Statement of responsibility, etc by Chandragupt S. Sanon
Remainder of title a sociological analysis /
260 ## - PUBLICATION, DISTRIBUTION, ETC. (IMPRINT)
Place of publication, distribution, etc New Delhi
Name of publisher, distributor, etc APH Publishing Corporation
Date of publication, distribution, etc 1998
270 ## - ADDRESS
City New Delhi
Address 5, Ansari Road, Darya Ganj
Postal code 110002
300 ## - PHYSICAL DESCRIPTION
Extent xxv,338p. :
Dimensions 22(Hb)
Other physical details ill
500 ## - GENERAL NOTE
General note Includes bibliographic references and index
650 ## - SUBJECT ADDED ENTRY--TOPICAL TERM
Topical term or geographic name as entry element Poor children--Social conditions
9 (RLIN) 17858
650 ## - SUBJECT ADDED ENTRY--TOPICAL TERM
Topical term or geographic name as entry element Child labor
9 (RLIN) 7276
942 ## - ADDED ENTRY ELEMENTS (KOHA)
Source of classification or shelving scheme Dewey Decimal Classification
Koha item type English Books
Classification part 305.235
Call number suffix SAN
Holdings
Withdrawn status Lost status Damaged status Not for loan Home library Current library Date acquired Source of acquisition Cost, normal purchase price Total Checkouts Full call number Barcode Date last seen Copy number Cost, replacement price Price effective from Koha item type Source of classification or shelving scheme Collection code
        Central Library Central Library 25/06/2015 Cen Lib/Ret 0.00   305.233 SAN A-943852 25/06/2015 1 0.00 25/06/2015 English Books    
        Patel Nagar Patel Nagar 26/07/2018 BPPD/PUB 0.00   305.235 SAN A-943853 26/07/2018   0.00 26/07/2018 English Books Dewey Decimal Classification Non-fiction

© Delhi Public Library
Hit Counter
free hit counter